| 000 | 00475cam a22001694a 4500 | ||
|---|---|---|---|
| 020 | _a0072875615 | ||
| 040 | _cDLC | ||
| 082 | 0 | 0 | _a338 MCG 2005 A067 Or. |
| 100 | 1 | _aMcConnell, Campbell R. | |
| 245 | 1 | 0 |
_aMicroeconomics : _bprinciples, problems, and policies / |
| 250 | _a16th ed. | ||
| 260 |
_aBoston : _bMcGraw-Hill/Irwin, _cc2005. |
||
| 300 |
_a1 v. (various pagings) : _bcol. ill. ; _c26 cm. |
||
| 650 | 0 | _aMicroeconomics. | |
| 700 | 1 | _aBrue, Stanley L., | |
| 942 | _cEK | ||
| 999 |
_c14513 _d14513 |
||